[Event "DEN-ch Seniors 65+"]
[Site "Koge"]
[Date "2016.02.27"]
[Round "7"]
[White "Jacobsen, Erik Holm"]
[Black "Sorensen, Bent"]
[Result "0-1"]
[WhiteElo "1979"]
[BlackElo "2145"]
[PlyCount "86"]
[EventDate "2016.02.21"]
[EventType "swiss"]
[EventRounds "7"]
[EventCountry "DEN"]
[SourceTitle "EXT 2018"]
[Source "ChessBase"]
[SourceDate "2017.10.13"]
[SourceVersion "1"]
[SourceVersionDate "2017.10.13"]
[SourceQuality "1"]

1. d4 e6 2. Nf3 Nf6 3. h3 c5 4. Bf4 Nc6 5. e3 Qb6 6. b3 Nd5 7. dxc5 Bxc5 8. Qd2 Nxf4 9. exf4 0-0 10. Bd3 Nd4 11. Nxd4 Bxd4 12. c3 Bf6 13. 0-0 d6 14. Na3 Bd7 15. Nc4 Qc6 16. Rac1 g6 17. Na5 Qc7 18. b4 Rfc8 19. c4 b6 20. Nb3 a5 21. b5 a4 22. Na1 Qc5 23. Nc2 d5 24. Nb4 Qd4 25. Qe3 dxc4 26. Qxd4 Bxd4 27. Bxc4 a3 28. Rfd1 Bb2 29. Rc2 Ra4 30. Nc6 Bxc6 31. Bb3 Ra5 32. bxc6 Rc5 33. Rxc5 bxc5 34. Ba4 c4 35. Rd7 Kg7 36. c7 g5 37. Bb5 c3 38. Ba6 c2 39. Bxc8 c1Q+ 40. Kh2 Qxf4+ 41. g3 Qxf2+ 42. Kh1 Be5 43. Rxf7+ Qxf7 0-1

[Event "DEN-ch Seniors 65+"]
[Site "Koge"]
[Date "2016.02.26"]
[Round "6"]
[White "Jacobsen, Erik Holm"]
[Black "Petersen, Peter Birk"]
[Result "1-0"]
[WhiteElo "1979"]
[BlackElo "2198"]
[PlyCount "77"]
[EventDate "2016.02.21"]
[EventType "swiss"]
[EventRounds "7"]
[EventCountry "DEN"]
[SourceTitle "EXT 2018"]
[Source "ChessBase"]
[SourceDate "2017.10.13"]
[SourceVersion "1"]
[SourceVersionDate "2017.10.13"]
[SourceQuality "1"]

1. d4 Nf6 2. Nf3 g6 3. h3 Bg7 4. Bf4 c5 5. e3 Qb6 6. Qc1 Nc6 7. c3 d6 8. Bd3 Bd7 9. Na3 Nd5 10. Nc4 Qc7 11. Bg3 cxd4 12. exd4 0-0 13. 0-0 Rac8 14. Ne3 Nxe3 15. Qxe3 Qa5 16. Bf4 Rfe8 17. Bh6 Bh8 18. Ng5 Bf5 19. Bc4 Ne5 20. Bb3 Nc4 21. Qe2 d5 22. g4 Bd7 23. f4 e6 24. Qf2 f6 25. Nf3 Nd6 26. Bc2 Bb5 27. Rfe1 Nf7 28. g5 Qa6 29. Re3 Qb6 30. Rae1 Bd7 31. Bb1 Qd6 32. Qh4 Nxh6 33. gxh6 Kf7 34. Rf1 Qb6 35. Ne5+ fxe5 36. fxe5+ Kg8 37. Bxg6 Rf8 38. Bxh7+ Kxh7 39. Qe7+ 1-0

[Event "DEN-ch Seniors"]
[Site "Helsingor"]
[Date "2013.03.29"]
[Round "1"]
[White "Ottesen, Soren Rud"]
[Black "Jacobsen, Erik Holm"]
[Result "0-1"]
[WhiteElo "1792"]
[BlackElo "2053"]
[PlyCount "132"]
[EventDate "2013.03.29"]
[EventType "swiss"]
[EventRounds "5"]
[EventCountry "DEN"]
[SourceTitle "EXT 2014"]
[Source "ChessBase"]
[SourceDate "2013.11.20"]
[SourceVersion "1"]
[SourceVersionDate "2013.11.20"]
[SourceQuality "1"]

1. e4 e5 2. Nf3 Nc6 3. d4 exd4 4. Nxd4 Bc5 5. Be3 Qf6 6. c3 Nge7 7. Bc4 Qg6 8. 0-0 Ne5 9. Bb3 d6 10. f3 Bd7 11. Nd2 h5 12. Nc4 h4 13. Qe2 h3 14. Nxe5 dxe5 15. Nc2 hxg2 16. Rf2 Qb6 17. Bxc5 Qxc5 18. Qe3 Qxe3 19. Nxe3 f6 20. Rxg2 g5 21. Rd1 0-0-0 22. Rgd2 Bh3 23. Rxd8+ Rxd8 24. Rxd8+ Kxd8 25. Bc4 c6 26. Kf2 Ng6 27. Kg3 Nf4 28. Ng4 Bxg4 29. Kxg4 Ke7 30. Bf1 Ng6 31. a4 Nh4 32. Kg3 a5 33. b4 b6 34. Kg4 Kd6 35. h3 axb4 36. cxb4 c5 37. bxc5+ Kxc5 38. Be2 Kd4 39. Kg3 Ke3 40. Bd1 Kd2 41. Bb3 Ke2 42. Be6 Ke3 43. Bg4 Ng6 44. Bd7 Nf8 45. Bc8 Ng6 46. Bd7 Nf4 47. Bg4 Nd3 48. Bh5 Ne1 49. Bg4 Kd4 50. h4 gxh4+ 51. Kxh4 Kc5 52. Kg3 Kb4 53. Bd7 Nd3 54. Kg4 Nc5 55. Be8 Nxa4 56. Kf5 Nc5 57. Kxf6 Nd3 58. Kg5 Kc5 59. Ba4 b5 60. Bc2 Kd4 61. Bb3 b4 62. Kg4 Kc3 63. Ba2 Kc2 64. Bc4 b3 65. Kf5 b2 66. Ba2 Nb4 0-1

[Event "DEN-ch Seniors"]
[Site "Randers"]
[Date "2012.02.12"]
[Round "2"]
[White "Hvenekilde, Jorgen"]
[Black "Jacobsen, Erik Holm"]
[Result "1-0"]
[WhiteElo "2071"]
[BlackElo "2074"]
[PlyCount "79"]
[EventDate "2012.02.11"]
[EventType "swiss"]
[EventRounds "7"]
[EventCountry "DEN"]
[SourceTitle "EXT 2018"]
[Source "ChessBase"]
[SourceDate "2017.10.13"]
[SourceVersion "1"]
[SourceVersionDate "2017.10.13"]
[SourceQuality "1"]

1. d4 Nf6 2. c4 g6 3. Nc3 Bg7 4. e4 d6 5. Be2 0-0 6. Be3 Nbd7 7. g4 e5 8. g5 Ne8 9. d5 a5 10. h4 Nc5 11. Nf3 f5 12. gxf6 Bxf6 13. h5 gxh5 14. Rxh5 Bg4 15. Rh2 Ng7 16. Kd2 Qe8 17. Qh1 Bh5 18. Rg1 Bg6 19. Ne1 Na4 20. Rxg6 Nxc3 21. Rxg7+ Bxg7 22. Kxc3 Qa4 23. Bg4 Qb4+ 24. Kd3 Rf6 25. b3 b5 26. Nc2 bxc4+ 27. bxc4 Qa4 28. Be6+ Rxe6 29. dxe6 Qe8 30. Rg2 Kh8 31. Bh6 Bf6 32. Qh3 c6 33. Ne3 Ra7 34. Qf5 Qe7 35. Ng4 Bg7 36. Bxg7+ Qxg7 37. Qf6 h5 38. Qd8+ Qg8 39. e7 Ra8 40. Qxa8 1-0

[Event "Lovsprings op 08th"]
[Site "Ringsted"]
[Date "1996.04.12"]
[Round "5"]
[White "Jensen, Soren"]
[Black "Jacobsen, Erik Holm"]
[Result "1/2-1/2"]
[WhiteElo "1994"]
[BlackElo "1983"]
[PlyCount "111"]
[EventDate "1996.03.08"]
[EventType "swiss"]
[EventRounds "7"]
[EventCountry "DEN"]
[SourceTitle "EXT 2018"]
[Source "ChessBase"]
[SourceDate "2017.10.13"]
[SourceVersion "1"]
[SourceVersionDate "2017.10.13"]
[SourceQuality "1"]

1. d4 d5 2. c4 e6 3. Nc3 Nf6 4. Bg5 Nbd7 5. e3 Bb4 6. cxd5 exd5 7. Bd3 c6 8. Qc2 h6 9. Bh4 0-0 10. Nge2 Re8 11. 0-0 Be7 12. Bg3 Nh5 13. Nxd5 Nxg3 14. Nxe7+ Rxe7 15. Nxg3 Nf6 16. Rfc1 Be6 17. Bc4 Qd7 18. Bxe6 Rxe6 19. Qa4 h5 20. Nf1 h4 21. h3 Nd5 22. Nh2 a6 23. Nf3 Qe7 24. Rc5 Re8 25. Rac1 g5 26. Qc2 f6 27. Qg6+ Kf8 28. a3 Qf7 29. b4 R8e7 30. Qf5 Kg7 31. Qb1 Kh6 32. a4 Nc7 33. Qb3 Nd5 34. b5 axb5 35. axb5 Rd6 36. bxc6 bxc6 37. Qa4 Ree6 38. Nd2 Qc7 39. Qa8 Rd8 40. Qa4 Ne7 41. Qc4 Qd7 42. Nb3 Rg8 43. Na5 g4 44. hxg4 Rxg4 45. Nxc6 h3 46. g3 Rxe3 47. fxe3 Rxg3+ 48. Kh1 Qg4 49. Rh5+ Qxh5 50. Rf1 Qg6 51. Qe6 Nf5 52. Ne7 Nxe7 53. Qxe7 Rf3 54. Rg1 Rf1 55. Qf8+ Kh7 56. Qe7+ 1/2-1/2

[Event "Lovsprings op 08th"]
[Site "Ringsted"]
[Date "1996.03.29"]
[Round "4"]
[White "Madsen, Morten"]
[Black "Jacobsen, Erik Holm"]
[Result "1/2-1/2"]
[WhiteElo "1981"]
[BlackElo "1983"]
[PlyCount "86"]
[EventDate "1996.03.08"]
[EventType "swiss"]
[EventRounds "7"]
[EventCountry "DEN"]
[SourceTitle "EXT 2018"]
[Source "ChessBase"]
[SourceDate "2017.10.13"]
[SourceVersion "1"]
[SourceVersionDate "2017.10.13"]
[SourceQuality "1"]

1. e4 c5 2. c3 b6 3. Be2 Bb7 4. Bf3 e5 5. Ne2 f5 6. exf5 Bxf3 7. gxf3 Qf6 8. Ng3 Nc6 9. Rg1 Nh6 10. Qc2 d5 11. Na3 0-0-0 12. d3 Nxf5 13. Nxf5 Qxf5 14. Bg5 Rd7 15. 0-0-0 Be7 16. Bxe7 Rxe7 17. Rg3 Rd8 18. Qe2 Qh5 19. Nc2 Qxh2 20. Ne3 Qh5 21. Rdg1 g6 22. Qf1 Qh6 23. Rh1 Qf8 24. Rgh3 Rdd7 25. Qg2 Qg8 26. Kb1 Qe6 27. Nc2 Kb8 28. Re1 g5 29. Rh5 h6 30. Reh1 Rh7 31. Qh2 Rd6 32. Rxg5 Qf7 33. Rg3 Rf6 34. Qh3 h5 35. Rhg1 Qe6 36. Rg8+ Kc7 37. Qxe6 Rxe6 38. Ne3 Rd6 39. Rh1 d4 40. Nc4 Rf6 41. Rh3 Rf5 42. Kc2 Ne7 43. Ra8 Nc6 1/2-1/2

[Event "Lovsprings op 08th"]
[Site "Ringsted"]
[Date "1996.03.15"]
[Round "2"]
[White "Jacobsen, Erik Holm"]
[Black "Nielsen, Max"]
[Result "0-1"]
[WhiteElo "1983"]
[BlackElo "2165"]
[PlyCount "82"]
[EventDate "1996.03.08"]
[EventType "swiss"]
[EventRounds "7"]
[EventCountry "DEN"]
[SourceTitle "EXT 2018"]
[Source "ChessBase"]
[SourceDate "2017.10.13"]
[SourceVersion "1"]
[SourceVersionDate "2017.10.13"]
[SourceQuality "1"]

1. e4 c5 2. Nf3 Nc6 3. d4 cxd4 4. Nxd4 Nf6 5. Nc3 e5 6. Ndb5 d6 7. Bg5 a6 8. Bxf6 gxf6 9. Na3 b5 10. Nd5 Bg7 11. Qh5 Ne7 12. Bd3 Nxd5 13. exd5 e4 14. 0-0-0 exd3 15. Rhe1+ Kf8 16. Rxd3 f5 17. c3 Qf6 18. Qe2 Bd7 19. f4 Re8 20. Qf2 Rxe1+ 21. Qxe1 Bh6 22. g3 Kg7 23. Re3 Qd8 24. Nc2 Re8 25. Nd4 Kf8 26. Nc2 Bg7 27. Qf2 Rxe3 28. Qxe3 Qc7 29. Qf3 Qc4 30. a3 Qe4 31. Qxe4 fxe4 32. Kd2 Bc8 33. Ne3 Bf6 34. Kc2 Bd8 35. Kd2 Bb6 36. b3 Bc5 37. Nc2 Bg1 38. Ke2 Bg4+ 39. Kf1 Bc5 40. Nb4 Bxb4 41. axb4 Bd1 0-1

[Event "Lovfalds 09th A"]
[Site "Ringsted"]
[Date "1995.09.08"]
[Round "1"]
[White "Knudsen, Ole Bech"]
[Black "Jacobsen, Erik Holm"]
[Result "1-0"]
[WhiteElo "1953"]
[BlackElo "2012"]
[PlyCount "47"]
[EventDate "1995.09.08"]
[EventType "tourn"]
[EventRounds "5"]
[EventCountry "DEN"]
[SourceTitle "EXT 2023"]
[Source "ChessBase"]
[SourceDate "2022.10.05"]
[SourceVersion "1"]
[SourceVersionDate "2022.10.05"]
[SourceQuality "1"]

1. e4 e5 2. Nf3 d6 3. d4 exd4 4. Nxd4 g6 5. Bc4 Bg7 6. 0-0 Nf6 7. Nc3 0-0 8. Bg5 h6 9. Bh4 Nc6 10. Nxc6 bxc6 11. f4 Qe8 12. Qd3 Be6 13. Bb3 Nd7 14. Rae1 Nc5 15. Qf3 Qd7 16. f5 Bxb3 17. axb3 Bd4+ 18. Bf2 Bxf2+ 19. Rxf2 Qe7 20. e5 d5 21. f6 Qd7 22. Qe3 Ne6 23. Qxh6 Rfd8 24. Rf3 1-0